[Event "Bern op"]
[Site "Bern"]
[Date "2004.02.13"]
[Round "3"]
[White "Bernig, Andreas"]
[Black "Ziger, Silvestar"]
[Result "1/2-1/2"]
[WhiteElo "1931"]
[BlackElo "2189"]
[PlyCount "73"]
[EventDate "2004.02.??"]
[EventType "swiss"]
[EventRounds "7"]
[EventCountry "SUI"]
[SourceTitle "EXT 2005"]
[Source "ChessBase"]
[SourceDate "2004.11.15"]
[SourceVersion "1"]
[SourceVersionDate "2004.11.15"]
[SourceQuality "1"]

1. e4 c6 2. d4 d5 3. e5 c5 4. c3 Nc6 5. Nf3 Bg4 6. Nbd2 cxd4 7. cxd4 e6 8. Be2 Bxf3 9. Nxf3 Bb4+ 10. Bd2 Qa5 11. a3 Bxd2+ 12. Qxd2 Nge7 13. Qxa5 Nxa5 14. Bb5+ Nec6 15. Rc1 Kd7 16. b4 a6 17. Bxc6+ Nxc6 18. Kd2 f6 19. Rc3 Rac8 20. Re1 a5 21. b5 Na7 22. a4 Rxc3 23. Kxc3 Nc8 24. Kc2 Nb6 25. Kb3 Rf8 26. Rc1 Nc4 27. Nd2 fxe5 28. Nxc4 dxc4+ 29. Rxc4 Rxf2 30. dxe5 Rd2 31. b6 Ke7 32. Rc7+ Rd7 33. Rc5 Rd1 34. Rc7+ Rd7 35. Rc5 Rd1 36. Rc7+ Rd7 37. Rc5 1/2-1/2

[Event "Bern op"]
[Site "Bern"]
[Date "2004.02.13"]
[Round "4"]
[White "Ziger, Silvestar"]
[Black "Del Val, Moise"]
[Result "0-1"]
[WhiteElo "2189"]
[BlackElo "1822"]
[PlyCount "72"]
[EventDate "2004.02.??"]
[EventType "swiss"]
[EventRounds "7"]
[EventCountry "SUI"]
[SourceTitle "EXT 2005"]
[Source "ChessBase"]
[SourceDate "2004.11.15"]
[SourceVersion "1"]
[SourceVersionDate "2004.11.15"]
[SourceQuality "1"]

1. d4 d5 2. Nf3 e6 3. c3 c5 4. Bg5 Nf6 5. e3 h6 6. Bh4 Be7 7. Nbd2 0-0 8. Bd3 Nbd7 9. Ne5 Nxe5 10. dxe5 Nd7 11. Bxe7 Qxe7 12. f4 f5 13. Qh5 Qf7 14. Qh4 c4 15. Bc2 Nc5 16. Nf3 Bd7 17. 0-0-0 Ba4 18. Bxa4 Nxa4 19. g4 Nc5 20. Rhg1 Nd3+ 21. Rxd3 cxd3 22. g5 hxg5 23. Nxg5 Qg6 24. Rg3 Rfe8 25. Ne4 Qf7 26. Nf6+ Kf8 27. Nxe8 Rxe8 28. Qg5 Qe7 29. Qh5 Qf7 30. Rg6 b5 31. Kd2 a5 32. h4 b4 33. cxb4 axb4 34. Kxd3 Kg8 35. Qg5 Qc7 36. h5 Rc8 0-1

[Event "Selestat op"]
[Site "Selestat"]
[Date "2000.??.??"]
[Round "7"]
[White "Linder, Oliver"]
[Black "Ziger, Silvestar"]
[Result "1/2-1/2"]
[WhiteElo "2106"]
[BlackElo "2238"]
[PlyCount "82"]
[EventDate "2000.03.??"]
[EventType "swiss"]
[EventRounds "9"]
[EventCountry "FRA"]
[SourceTitle "EXT 2001"]
[Source "ChessBase"]
[SourceDate "2000.11.22"]
[SourceVersion "1"]
[SourceVersionDate "2000.11.22"]
[SourceQuality "1"]

1. e4 e6 2. d4 d5 3. Nd2 Nf6 4. e5 Nfd7 5. Bd3 c5 6. c3 Nc6 7. Ndf3 cxd4 8. cxd4 f6 9. exf6 Nxf6 10. Ne2 Bd6 11. 0-0 Qd7 12. Bg5 0-0 13. Bh4 Nh5 14. Bg3 Nxg3 15. hxg3 g6 16. Rc1 Qg7 17. Bb1 Bd7 18. Qd2 Rae8 19. a3 Bc7 20. b4 Bb6 21. a4 a6 22. b5 axb5 23. axb5 Na5 24. Qb4 Qe7 25. Qxe7 Rxe7 26. Bd3 Rc8 27. Rxc8+ Bxc8 28. Ra1 Rc7 29. Kf1 Kg7 30. Ke1 Kf6 31. Rb1 Bd7 32. Ne5 Be8 33. Ng4+ Kg7 34. Ne5 Kf6 35. Ng4+ Ke7 36. Ne5 Kd6 37. f4 Nc4 38. Nf3 Ba5+ 39. Kf2 b6 40. Rb3 Ke7 41. g4 Nd6 1/2-1/2

[Event "Liechtenstein op 18th"]
[Site "Triesen"]
[Date "2000.??.??"]
[Round "4"]
[White "Raddatz, Michael"]
[Black "Ziger, Silvestar"]
[Result "0-1"]
[WhiteElo "2084"]
[BlackElo "2238"]
[PlyCount "80"]
[EventDate "2000.05.27"]
[EventType "swiss"]
[EventRounds "9"]
[EventCountry "LIE"]
[SourceTitle "EXT 2001"]
[Source "ChessBase"]
[SourceDate "2000.11.22"]
[SourceVersion "1"]
[SourceVersionDate "2000.11.22"]
[SourceQuality "1"]

1. e4 e6 2. d4 d5 3. Nc3 Bb4 4. e5 c5 5. a3 Bxc3+ 6. bxc3 Ne7 7. Qg4 Kf8 8. Nh3 Nbc6 9. Bd3 Qa5 10. Bd2 Qa4 11. Qf4 Ng6 12. Bxg6 hxg6 13. Ng5 Nd8 14. h4 Bd7 15. Rh3 Rc8 16. Rf3 Be8 17. Qg4 Kg8 18. Rh3 Bb5 19. h5 Rxh5 20. Rxh5 gxh5 21. Qxh5 Qxc2 22. Qf3 cxd4 23. cxd4 Qc4 24. Kd1 Qxd4 25. Rb1 Ba4+ 26. Ke1 Qxe5+ 27. Kf1 Qf6 28. Qh3 Qg6 29. Rb4 Rc4 30. Rb2 Bc6 31. Be3 d4 32. Bf4 Bd5 33. Kg1 Rc3 34. f3 f6 35. Bd2 Rc2 36. Rxc2 Qxc2 37. Qh5 Bc6 38. Ne4 Nf7 39. Qg6 Bxe4 40. fxe4 Qxd2 0-1

[Event "Liechtenstein op 18th"]
[Site "Triesen"]
[Date "2000.??.??"]
[Round "5"]
[White "Ziger, Silvestar"]
[Black "Pribyl, Josef"]
[Result "0-1"]
[WhiteElo "2238"]
[BlackElo "2383"]
[PlyCount "106"]
[EventDate "2000.05.27"]
[EventType "swiss"]
[EventRounds "9"]
[EventCountry "LIE"]
[SourceTitle "EXT 2001"]
[Source "ChessBase"]
[SourceDate "2000.11.22"]
[SourceVersion "1"]
[SourceVersionDate "2000.11.22"]
[SourceQuality "1"]

1. d4 g6 2. Nf3 Bg7 3. c3 b6 4. Bg5 Bb7 5. Nbd2 Nf6 6. e3 d6 7. Bc4 Nbd7 8. 0-0 0-0 9. a4 a6 10. Re1 e5 11. e4 Re8 12. dxe5 dxe5 13. b4 Qe7 14. Qb3 h6 15. Bh4 Red8 16. Rad1 a5 17. Bd5 c6 18. Bc4 Bf8 19. Rb1 Kg7 20. h3 axb4 21. cxb4 Ra7 22. Bd3 g5 23. Bg3 Nh5 24. Bh2 Nf4 25. Bxf4 gxf4 26. Nc4 Qf6 27. Bc2 b5 28. axb5 cxb5 29. Na5 Ba8 30. Rbd1 Qe7 31. Rb1 Qxb4 32. Qxb4 Bxb4 33. Rxb4 Rxa5 34. Rd1 Kf6 35. Nh4 Rc8 36. Rd6+ Ke7 37. Nf5+ Kd8 38. Rb2 Rc6 39. Bd3 Kc7 40. Rxc6+ Bxc6 41. f3 h5 42. h4 Nc5 43. Bc2 Ra1+ 44. Kf2 Na4 45. Rb1 Ra2 46. Rc1 b4 47. Ke1 Nc3 48. g3 Bb5 49. Kd2 Ne2 50. Rb1 fxg3 51. Ne3 g2 52. Nxg2 Nd4 53. Ne1 b3 0-1

[Event "Liechtenstein op 17th"]
[Site "Schaan"]
[Date "1999.??.??"]
[Round "4"]
[White "Ziger, Silvestar"]
[Black "Landenbergue, Claude"]
[Result "0-1"]
[WhiteElo "2240"]
[BlackElo "2420"]
[PlyCount "72"]
[EventDate "1999.05.??"]
[EventType "swiss"]
[EventRounds "9"]
[EventCountry "LIE"]
[SourceTitle "EXT 2000"]
[Source "ChessBase"]
[SourceDate "1999.11.16"]
[SourceVersion "1"]
[SourceVersionDate "1999.11.16"]
[SourceQuality "1"]

1. d4 d5 2. Nf3 Nf6 3. Bg5 Ne4 4. Bf4 c5 5. e3 Qb6 6. Qc1 Nc6 7. c3 Bf5 8. Nbd2 Rc8 9. Be2 h6 10. Nxe4 Bxe4 11. 0-0 e6 12. Qd2 Be7 13. Ne5 Nxe5 14. Bxe5 0-0 15. dxc5 Bxc5 16. Bd4 Rfd8 17. Rac1 a5 18. Rfd1 Rc6 19. Bxc5 Rxc5 20. Qd4 Qc7 21. Bd3 Bxd3 22. Qxd3 Rc4 23. Qe2 b5 24. Rd3 b4 25. Qd2 Rc8 26. g3 Qc6 27. Qe2 Rc5 28. Qe1 Qa4 29. a3 bxa3 30. Ra1 Qb5 31. Rd2 axb2 32. Rb1 Rxc3 33. Rdxb2 Qxb2 34. Rxb2 Rc1 35. Kf1 Rxe1+ 36. Kxe1 a4 0-1

[Event "Pizol op"]
[Site "Pizol"]
[Date "1998.??.??"]
[Round "3"]
[White "Hesse, Juergen"]
[Black "Ziger, Silvestar"]
[Result "0-1"]
[WhiteElo "2180"]
[BlackElo "2280"]
[PlyCount "54"]
[EventDate "1998.04.??"]
[EventType "swiss"]
[EventRounds "9"]
[EventCountry "AUT"]
[SourceTitle "CBM 064 Extra"]
[Source "ChessBase"]
[SourceDate "1998.07.07"]
[SourceVersion "1"]
[SourceVersionDate "1998.07.07"]
[SourceQuality "1"]

1. e4 e6 2. d4 d5 3. Nd2 Nf6 4. e5 Nfd7 5. Bd3 c5 6. c3 Nc6 7. Ne2 cxd4 8. cxd4 f6 9. exf6 Nxf6 10. 0-0 Bd6 11. Nf3 Qc7 12. Re1 0-0 13. Ng3 Bd7 14. Ng5 Rae8 15. Nh5 g6 16. Nxf6+ Rxf6 17. Nxh7 Kxh7 18. Qh5+ Kg7 19. Qh6+ Kg8 20. Bg5 Bf8 21. Qh4 Rf5 22. g4 Nxd4 23. Re3 Nf3+ 24. Rxf3 Rxf3 25. Bxg6 Bc6 26. Bxe8 Bxe8 27. Kg2 Qf7 0-1

[Event "Pizol op"]
[Site "Pizol"]
[Date "1998.??.??"]
[Round "6"]
[White "Ziger, Silvestar"]
[Black "Vulevic, Vjekoslav"]
[Result "0-1"]
[WhiteElo "2280"]
[BlackElo "2275"]
[PlyCount "38"]
[EventDate "1998.04.??"]
[EventType "swiss"]
[EventRounds "9"]
[EventCountry "AUT"]
[SourceTitle "CBM 064 Extra"]
[Source "ChessBase"]
[SourceDate "1998.07.07"]
[SourceVersion "1"]
[SourceVersionDate "1998.07.07"]
[SourceQuality "1"]

1. d4 Nf6 2. Nf3 g6 3. Bg5 Bg7 4. Nbd2 d5 5. e3 0-0 6. Be2 c5 7. c3 Qb6 8. Qb3 Nc6 9. 0-0 c4 10. Qa3 h6 11. Bh4 g5 12. Bg3 Nh5 13. b3 Nxg3 14. hxg3 cxb3 15. axb3 g4 16. Ne1 e5 17. f4 gxf3 18. gxf3 exd4 19. cxd4 Nxd4 0-1

[Event "Liechtenstein op 15th"]
[Site "Liechtenstein"]
[Date "1997.??.??"]
[Round "4"]
[White "Pribyl, Josef"]
[Black "Ziger, Silvestar"]
[Result "1-0"]
[WhiteElo "2445"]
[BlackElo "2290"]
[PlyCount "39"]
[EventDate "1997.??.??"]
[EventType "swiss"]
[EventRounds "9"]
[EventCountry "LIE"]
[SourceTitle "EXT 1999"]
[Source "ChessBase"]
[SourceDate "1998.11.16"]
[SourceVersion "1"]
[SourceVersionDate "1998.11.16"]
[SourceQuality "1"]

1. c4 g6 2. Nc3 Bg7 3. g3 e5 4. Bg2 Nc6 5. e3 Nge7 6. Nge2 d6 7. d4 exd4 8. exd4 0-0 9. 0-0 Re8 10. b3 Nf5 11. d5 Ncd4 12. Nxd4 Nxd4 13. Be3 Nf5 14. Bd2 Bd7 15. Rc1 c5 16. dxc6 bxc6 17. Ne4 h6 18. Bf4 Be5 19. Bxe5 dxe5 20. Qxd7 1-0

[Event "Werfen op-A"]
[Site "Werfen"]
[Date "1996.??.??"]
[Round "8"]
[White "Kniest, Oliver"]
[Black "Ziger, Silvestar"]
[Result "1/2-1/2"]
[WhiteElo "2170"]
[BlackElo "2305"]
[PlyCount "51"]
[EventDate "1996.08.??"]
[EventType "swiss"]
[EventRounds "9"]
[EventCountry "AUT"]
[SourceTitle "EXT 2000"]
[Source "ChessBase"]
[SourceDate "1999.11.16"]
[SourceVersion "1"]
[SourceVersionDate "1999.11.16"]
[SourceQuality "1"]

1. d4 Nf6 2. c4 g6 3. Nc3 Bg7 4. e4 d6 5. f4 0-0 6. Nf3 c5 7. d5 Nfd7 8. Be2 Na6 9. 0-0 Nc7 10. Be3 Rb8 11. Qe1 a6 12. a4 e6 13. dxe6 fxe6 14. Rd1 Qe7 15. Qd2 Ne8 16. Ne1 b6 17. Nc2 Rb7 18. Bg4 Ndf6 19. Bf3 Rd7 20. Qc1 Bb7 21. e5 dxe5 22. fxe5 Rxd1 23. Rxd1 Nh5 24. Bg5 Qc7 25. Bxb7 Qxb7 26. Qe3 1/2-1/2

[Event "Werfen op-A"]
[Site "Werfen"]
[Date "1996.??.??"]
[Round "2"]
[White "Navratil, Robert"]
[Black "Ziger, Silvestar"]
[Result "1/2-1/2"]
[WhiteElo "1985"]
[BlackElo "2305"]
[PlyCount "39"]
[EventDate "1996.08.??"]
[EventType "swiss"]
[EventRounds "9"]
[EventCountry "AUT"]
[SourceTitle "EXT 2000"]
[Source "ChessBase"]
[SourceDate "1999.11.16"]
[SourceVersion "1"]
[SourceVersionDate "1999.11.16"]
[SourceQuality "1"]

1. d4 Nf6 2. Bg5 g6 3. Nd2 Bg7 4. e3 0-0 5. c3 d5 6. Bd3 Nbd7 7. f4 c5 8. Ngf3 Qb6 9. Qb1 Ng4 10. Nf1 cxd4 11. exd4 f6 12. h3 Nh6 13. Bxh6 Bxh6 14. h4 Bxf4 15. Bxg6 e5 16. Bxh7+ Kh8 17. Qg6 Qxb2 18. Qh5 Kg7 19. Qg6+ Kh8 20. Qh5 1/2-1/2

[Event "Werfen op-A"]
[Site "Werfen"]
[Date "1996.??.??"]
[Round "9"]
[White "Ziger, Silvestar"]
[Black "Berger, Hermann"]
[Result "1/2-1/2"]
[WhiteElo "2305"]
[BlackElo "2070"]
[PlyCount "88"]
[EventDate "1996.08.??"]
[EventType "swiss"]
[EventRounds "9"]
[EventCountry "AUT"]
[SourceTitle "EXT 2000"]
[Source "ChessBase"]
[SourceDate "1999.11.16"]
[SourceVersion "1"]
[SourceVersionDate "1999.11.16"]
[SourceQuality "1"]

1. d4 d5 2. Nf3 c6 3. c3 Bf5 4. Qb3 Qb6 5. Bg5 h6 6. Bh4 Nd7 7. e3 e6 8. Be2 Bd6 9. 0-0 Ngf6 10. c4 0-0 11. Nc3 g5 12. Bg3 Bxg3 13. hxg3 Qxb3 14. axb3 Ne4 15. Nxe4 Bxe4 16. Nd2 Bg6 17. cxd5 exd5 18. Rfc1 Rfe8 19. Rc3 a6 20. b4 Rab8 21. Nb3 Nf6 22. f3 Kg7 23. Nc5 Re7 24. Kf2 Nd7 25. Re1 Nxc5 26. bxc5 h5 27. Ra1 Rc7 28. Rb3 Re8 29. Rc1 Ree7 30. Rh1 f5 31. Ra1 g4 32. Rb6 Re8 33. Ra3 Ree7 34. Rab3 Kf8 35. Rc3 Kg7 36. Rc1 Re6 37. Rb3 Rce7 38. Rh1 Rc7 39. Bd3 Re8 40. Rc3 Rce7 41. Be2 Re6 42. f4 R6e7 43. Bd1 Rc7 44. Bc2 Ree7 1/2-1/2

[Event "Neuchatel op"]
[Site "Neuchatel"]
[Date "1996.??.??"]
[Round "6"]
[White "Ziger, Silvestar"]
[Black "Ekstroem, Roland"]
[Result "0-1"]
[WhiteElo "2265"]
[BlackElo "2415"]
[PlyCount "84"]
[EventDate "1996.05.??"]
[EventType "swiss"]
[EventRounds "7"]
[EventCountry "SUI"]
[SourceTitle "EXT 1997"]
[Source "ChessBase"]
[SourceDate "1996.11.15"]
[SourceVersion "1"]
[SourceVersionDate "1996.11.15"]
[SourceQuality "1"]

1. d4 Nf6 2. Nf3 d5 3. Bg5 Ne4 4. Bf4 c5 5. e3 Nc6 6. Nbd2 Bf5 7. Nxe4 Bxe4 8. c3 Qb6 9. Qb3 e6 10. Be2 c4 11. Qxb6 axb6 12. 0-0 b5 13. Nd2 Bg6 14. a3 Kd7 15. Rfe1 Bd6 16. Bxd6 Kxd6 17. Bf3 e5 18. dxe5+ Nxe5 19. Be2 Rhe8 20. Nf3 Nxf3+ 21. Bxf3 Rad8 22. Rad1 Kc5 23. Rd2 Bd3 24. Be2 Bxe2 25. Rdxe2 f5 26. Rd1 f4 27. Kf1 fxe3 28. Rxe3 Rxe3 29. fxe3 Kb6 30. Ke2 Ka5 31. Kd2 Rf8 32. Kc2 Rf5 33. Rd4 Re5 34. Kd2 g5 35. g4 Ka4 36. Kc2 h6 37. Rd2 Rxe3 38. Rxd5 Rh3 39. Rd8 Rxh2+ 40. Kc1 Kb3 41. Rd5 Rc2+ 42. Kd1 Rxb2 0-1

[Event "Werfen op-A"]
[Site "Werfen"]
[Date "1996.??.??"]
[Round "7"]
[White "Ziger, Silvestar"]
[Black "Hicker, Harald"]
[Result "1-0"]
[WhiteElo "2305"]
[BlackElo "2105"]
[PlyCount "55"]
[EventDate "1996.08.??"]
[EventType "swiss"]
[EventRounds "9"]
[EventCountry "AUT"]
[SourceTitle "EXT 2000"]
[Source "ChessBase"]
[SourceDate "1999.11.16"]
[SourceVersion "1"]
[SourceVersionDate "1999.11.16"]
[SourceQuality "1"]

1. d4 d5 2. Nf3 Nf6 3. Bg5 e6 4. Nbd2 Be7 5. e3 c5 6. c3 0-0 7. Bd3 b6 8. Ne5 Nfd7 9. h4 cxd4 10. exd4 Nxe5 11. dxe5 Ba6 12. Bc2 Nd7 13. f4 f5 14. Nf3 Nc5 15. Nd4 Qe8 16. Qf3 Rc8 17. 0-0-0 Rf7 18. g4 Bxg5 19. hxg5 Ne4 20. gxf5 exf5 21. Rxh7 g6 22. Rh6 Rg7 23. Rdh1 Kf7 24. Rh7 Qg8 25. Rxg7+ Qxg7 26. Bxe4 dxe4 27. Qd1 Bc4 28. Nxf5 1-0

[Event "Wangs Pizol op"]
[Site "Wangs Pizol"]
[Date "1996.??.??"]
[Round "5"]
[White "Ziger, Silvestar"]
[Black "Weindl, Alfred"]
[Result "1/2-1/2"]
[WhiteElo "2265"]
[BlackElo "2335"]
[PlyCount "45"]
[EventDate "1996.??.??"]
[EventType "swiss"]
[EventRounds "9"]
[EventCountry "SUI"]
[SourceTitle "EXT 1997"]
[Source "ChessBase"]
[SourceDate "1996.11.15"]
[SourceVersion "1"]
[SourceVersionDate "1996.11.15"]
[SourceQuality "1"]

1. d4 Nf6 2. Nf3 g6 3. Bg5 Bg7 4. Nbd2 0-0 5. c3 d6 6. e4 Nbd7 7. Be2 e5 8. dxe5 dxe5 9. 0-0 Qe8 10. Re1 Kh8 11. Qc2 h6 12. Bh4 Nh5 13. Nc4 Nf4 14. Bf1 f6 15. Nfd2 Nb6 16. a4 Nxc4 17. Nxc4 Be6 18. a5 Qf7 19. b3 b5 20. axb6 axb6 21. f3 Rfd8 22. Red1 Qf8 23. Rxd8 1/2-1/2

[Event "Liechtenstein op 13th"]
[Site "Liechtenstein"]
[Date "1995.??.??"]
[Round "?"]
[White "Elkuch, Harald"]
[Black "Ziger, Silvestar"]
[Result "0-1"]
[WhiteElo "2200"]
[BlackElo "2265"]
[PlyCount "130"]
[EventDate "1995.05.??"]
[EventType "swiss"]
[EventRounds "9"]
[EventCountry "LIE"]
[SourceTitle "EXT 1997"]
[Source "ChessBase"]
[SourceDate "1996.11.15"]
[SourceVersion "1"]
[SourceVersionDate "1996.11.15"]
[SourceQuality "1"]

1. d4 Nf6 2. Bg5 g6 3. Bxf6 exf6 4. g3 d5 5. Bg2 c6 6. Nd2 Qb6 7. Nb3 Bg7 8. e3 0-0 9. Ne2 Re8 10. 0-0 Bg4 11. h3 Bf5 12. g4 Be6 13. Ng3 a5 14. a4 Nd7 15. c3 f5 16. gxf5 Bxf5 17. Nxf5 gxf5 18. Qc2 Nf6 19. Nc1 Ne4 20. Nd3 Rad8 21. Kh1 Rd6 22. Rg1 Kh8 23. Nf4 Bh6 24. Nh5 Qd8 25. Bxe4 fxe4 26. Qe2 f5 27. Rg3 Qh4 28. Kh2 Rg6 29. Rag1 Reg8 30. f4 exf3 31. Qxf3 Qe4 32. Qxe4 fxe4 33. Rxg6 Rxg6 34. Rf1 Bxe3 35. Rf8+ Rg8 36. Rf7 Bg5 37. Kg2 Bh6+ 38. Kf1 Rf8 39. Rxf8+ Bxf8 40. Ke2 Kg8 41. Nf4 Be7 42. Ne6 Kf7 43. Nf4 Bg5 44. Ng2 Ke6 45. Ne1 Kf5 46. Ng2 b5 47. b3 Ke6 48. Ne1 Kd6 49. Nc2 Bc1 50. Kd1 Bb2 51. Kd2 b4 52. cxb4 axb4 53. Ke2 Bc3 54. Ke3 c5 55. dxc5+ Kxc5 56. Kf4 Bd2+ 57. Kg3 d4 58. Kf2 d3 59. Ne3 Bxe3+ 60. Kxe3 Kd5 61. h4 h5 62. Kd2 Kd4 63. Kd1 e3 64. Kc1 e2 65. Kd2 Ke4 0-1

[Event "Liechtenstein op 13th"]
[Site "Liechtenstein"]
[Date "1995.??.??"]
[Round "?"]
[White "Ziger, Silvestar"]
[Black "Atlas, Dimitry"]
[Result "1/2-1/2"]
[WhiteElo "2265"]
[BlackElo "2335"]
[PlyCount "44"]
[EventDate "1995.05.??"]
[EventType "swiss"]
[EventRounds "9"]
[EventCountry "LIE"]
[SourceTitle "EXT 1997"]
[Source "ChessBase"]
[SourceDate "1996.11.15"]
[SourceVersion "1"]
[SourceVersionDate "1996.11.15"]
[SourceQuality "1"]

1. d4 e6 2. Nf3 d5 3. c3 Nf6 4. Bg5 Be7 5. Nbd2 h6 6. Bh4 Ne4 7. Bxe7 Qxe7 8. e3 b6 9. Nxe4 dxe4 10. Ne5 0-0 11. f4 Nd7 12. Qc2 Bb7 13. 0-0-0 Nf6 14. Rg1 c5 15. g4 cxd4 16. Rxd4 Rfd8 17. g5 hxg5 18. fxg5 Nd7 19. Nxd7 Rxd7 20. Rxd7 Qxd7 21. h4 Qd5 22. b3 Rc8 1/2-1/2

[Event "Werfen op-A"]
[Site "Werfen"]
[Date "1994.??.??"]
[Round "?"]
[White "Mittermayr, Gerhard"]
[Black "Ziger, Silvestar"]
[Result "0-1"]
[WhiteElo "2250"]
[BlackElo "2245"]
[PlyCount "46"]
[EventDate "1994.08.??"]
[EventType "swiss"]
[EventRounds "9"]
[EventCountry "AUT"]
[SourceTitle "EXT 1998"]
[Source "ChessBase"]
[SourceDate "1997.11.17"]
[SourceVersion "1"]
[SourceVersionDate "1997.11.17"]
[SourceQuality "1"]

1. e4 e6 2. d4 d5 3. Nd2 Nf6 4. e5 Nfd7 5. Bd3 c5 6. c3 Nc6 7. Ne2 cxd4 8. cxd4 f6 9. f4 fxe5 10. fxe5 Nxd4 11. 0-0 Qb6 12. Kh1 Nxe5 13. Nxd4 Qxd4 14. Bb5+ Nc6 15. Qf3 Qf6 16. Qg3 Qg6 17. Qc7 Bd7 18. Qxb7 Rb8 19. Qa6 Rb6 20. Qa4 Bd6 21. Rf3 a6 22. Bd3 Qh5 23. Qd1 Qxh2# 0-1